Statystyki dla Wszyscy zwycięzcy Europejskich pucharów

Kliknij tutaj aby rozwiązać quiz!

Ogólne statystyki

  • Ten quiz został rozwiązany 164 razy
    (5 od ostatniego zresetowania)
  • Średni wynik to 144 z 164

Statystyki odpowiedzi

RokZwycięzca% Poprawnych
1963 | 1968 | 1969 | +6 othersAC Milan
100%
2022AS Roma
100%
2024Atalanta Bergamo
100%
1967 | 1974 | 1975 | +5 othersBayern Monachium
100%
1966 | 1997Borussia Dortmund
100%
1971 | 1998 | 2012 | +3 othersChelsea
100%
1979 | 1982 | 1989 | +6 othersFC Barcelona
100%
1987 | 2003 | 2004 | 2011FC Porto
100%
1964 | 1965 | 1991 | +3 othersInter Mediolan
100%
1977 | 1984 | 1985 | +3 othersJuventus
100%
1973 | 1976 | 1977 | +6 othersLiverpool
100%
1970 | 2023Manchester City
100%
1968 | 1991 | 1999 | +2 othersManchester United
100%
1956 | 1957 | 1958 | +14 othersReal Madryt
100%
19741. FC Magdeburg
75%
1983Aberdeen
75%
1971 | 1972 | 1973 | +3 othersAFC Ajax
75%
1976 | 1978 | 1983Anderlecht
75%
1994Arsenal
75%
1982Aston Villa
75%
1962 | 2010 | 2012 | 2018Atletico Madryt
75%
1988Bayer Leverkusen
75%
1961 | 1962Benfica
75%
1975 | 1979Borussia Monchengladbach
75%
1967Celtic
75%
1991Crvena Zvezda Belgrad
75%
2005CSKA Moskwa
75%
1975 | 1986Dinamo Kiev
75%
1981Dinamo Tbilisi
75%
1974
Feyenoord
75%
1980 | 2022Eintracht Frankfurt
75%
1970 | 2002Feyenoord
75%
1961Fiorentina
75%
2000Galatasaray
75%
1977 | 1983Hamburger SV
75%
1982 | 1987IFK Goteborg
75%
1981Ipswich Town
75%
1999Lazio
75%
1988Mechelen
75%
1989Napoli
75%
1979 | 1980Nottingham Forest
75%
2024Olympiakos
75%
1993Olympique Marseille
75%
1996Paris Saint-Germain
75%
1993 | 1995 | 1999Parma
75%
1978 | 1988PSV Eindhoven
75%
1972Rangers
75%
1990Sampdoria
75%
1997Schalke 04
75%
2006 | 2007 | 2014 | +4 othersSevilla
75%
2009Shakhtar Donetsk
75%
1964Sporting CP
75%
1986Steaua Bucaresti
75%
1963 | 1972 | 1984Tottenham Hotspur
75%
1980 | 2004Valencia
75%
2021Villarreal
75%
1992Werder Bremen
75%
1965 | 2023West Ham United
75%
1995Zaragoza
75%
2008Zenit Saint Petersburg
75%
1969Slovan Bratislava
50%
1985Everton
25%

Rozkład punktacji

Percentyl według liczby udzielonych odpowiedzi

Procent ludzi z każdym wynikiem

Twoja historia wyników

Nie rozwiązałeś tego quizu od ostatniego zresetowania